000 00342nam a2200109 4500
999 _c13527
_d13527
008 190328b ||||| |||| 00| 0 eng d
245 _aFacebook admits social media a threat to democracy.
260 _aPhilippines
_bPhilippine Daily Inquirer
_cc2018
300 _apage A16.
650 0 _937799
_aElectronic group discussions.
942 _2ddc
_cPER